000 00790nam a2200253Ia 4500
003 OSt
005 20221005102951.0
006 a|||||r|||| 00| 0
007 ta
008 221004b |||||||| |||| 00| 0 hin d
024 _a108900
037 _cTextual
040 _aCRL
_cCRL
_bhin
041 _2hin
_ahin
082 _aO152,1L63,GR, E6.1
100 _aतुलसी
245 0 _aघट रामायण
246 _aGhaṭ rāmāyaṇa
260 _aइलाहाबाद
_bबेलवीडियर प्रिंटिंग वर्क्स भार
_c1973
300 _a192पृ0
_ccm.
650 _aहिन्दी साहित्य
942 _hO152,1L63,GR, E6.1
_cTEXL
_2cc
999 _c1009189
_d1009189